Southville International School and Colleges
Your cart is empty.
  • Cart
  • Lists
    Public lists Eva Luna New books Lux_list list_1
    Your lists Log in to create your own lists
  • Log in to your account
  • Your cookies
  • Search history
Southville International School and Colleges
  • Advanced search
  • Recent comments
  • Most popular
  • Libraries

Log in to your account

Log in with GOOGLE


If you do not have an external account, but do have a local account, you can still log in:

  1. Home
  2. MARC view: 10 days, 10 years from Bin Laden to facebook /
Normal view MARC view ISBD view

10 days, 10 years from Bin Laden to facebook / (Record no. 345304)

[ view plain ]
MARC details
000 -LEADER
fixed length control field 00766nam a2200289Ia 4500
008 - FIXED-LENGTH DATA ELEMENTS--GENERAL INFORMATION
fixed length control field 171120s9999 xx 000 0 und d
020 ## - INTERNATIONAL STANDARD BOOK NUMBER
International Standard Book Number 9.7897127277e+012
050 ## - LIBRARY OF CONGRESS CALL NUMBER
Classification number 303.62
050 ## - LIBRARY OF CONGRESS CALL NUMBER
Item number R435 2012
100 ## - MAIN ENTRY--PERSONAL NAME
Personal name Ressa, Maria A.
245 ## - TITLE STATEMENT
Title 10 days, 10 years from Bin Laden to facebook /
245 ## - TITLE STATEMENT
Statement of responsibility, etc by Maria A. Ressa.
260 ## - PUBLICATION, DISTRIBUTION, ETC. (IMPRINT)
Place of publication, distribution, etc Philippines :
260 ## - PUBLICATION, DISTRIBUTION, ETC. (IMPRINT)
Name of publisher, distributor, etc Anvil,
260 ## - PUBLICATION, DISTRIBUTION, ETC. (IMPRINT)
Date of publication, distribution, etc 2012
300 ## - PHYSICAL DESCRIPTION
Extent 278 pages :
300 ## - PHYSICAL DESCRIPTION
Other physical details illustrations ;
300 ## - PHYSICAL DESCRIPTION
Dimensions 22cm.
650 ## - SUBJECT ADDED ENTRY--TOPICAL TERM
Topical term or geographic name as entry element Kidnapping --
650 ## - SUBJECT ADDED ENTRY--TOPICAL TERM
Topical term or geographic name as entry element Terrorism --
650 ## - SUBJECT ADDED ENTRY--TOPICAL TERM
Topical term or geographic name as entry element Terrorism and mass media --
650 ## - SUBJECT ADDED ENTRY--TOPICAL TERM
General subdivision Philippines.
650 ## - SUBJECT ADDED ENTRY--TOPICAL TERM
General subdivision Philippines.
650 ## - SUBJECT ADDED ENTRY--TOPICAL TERM
General subdivision Philippines.
700 ## - ADDED ENTRY--PERSONAL NAME
Personal name Title : Ten days, ten years from Bin Laden to facebook /
700 ## - ADDED ENTRY--PERSONAL NAME
Personal name Title.
Holdings
Withdrawn status Lost status Damaged status Home library Current library Date acquired Total Checkouts Full call number Barcode Date last seen Price effective from Koha item type
      Stonyhurst Southville International School (Malarayat) Stonyhurst Southville International School (Malarayat) 11/20/2017   FIL 303.62 R435 2012 SSISM4348 11/20/2017 11/20/2017 Books

10 days, 10 years from Bin Laden to facebook /

APA

Ressa M. A., Title : Ten days t. y. f. B. L. t. f. . & Title.10 days, 10 years from Bin Laden to facebook. Philippines: .

Chicago

Ressa Maria A, Title : Ten days ten years from Bin Laden to facebook and Title.10 days, 10 years from Bin Laden to facebook. Philippines: .

Harvard

Ressa M. A., Title : Ten days t. y. f. B. L. t. f. . and Title.10 days, 10 years from Bin Laden to facebook. Philippines: .

MLA

Ressa Maria A, Title : Ten days ten years from Bin Laden to facebook and Title.Philippines: . .

  • Place hold
  • Print
  • Cite
  • Add to your cart (remove)
  • Save record
    BIBTEX Dublin Core MARCXML MARC (non-Unicode/MARC-8) MARC (Unicode/UTF-8) MARC (Unicode/UTF-8, Standard) MODS (XML) RIS
  • More searches
    Search for this title in:
    Other Libraries (WorldCat) Other Databases (Google Scholar) Online Stores (Bookfinder.com) Open Library (openlibrary.org)

Exporting to Dublin Core...

SOUTHVILLE LIBRARY

Southville International School and Colleges Library

1281 Tropical Ave. Cor. Luxembourg St., BF Homes International, Las Pinas City

Tel. No. 8256374 / 252358 Loc. 117/146

Powered by Koha